[Event "Titled Tue 20th May Early"]
[Site "chess.com INT"]
[Date "2025.05.20"]
[Round "8"]
[White "Amangeldy, Ernur"]
[Black "Molina, Roberto Junio Brito"]
[Result "1-0"]
[WhiteTitle "FM"]
[BlackTitle "IM"]
[WhiteElo "2231"]
[BlackElo "2381"]
[WhiteFideId "13720244"]
[BlackFideId "2109450"]
[EventDate "2025.05.20"]

1. d4 d5 2. Nc3 Nf6 3. Bf4 a6 4. e3 c5 5. Nf3 Nc6 6. Bd3 Bg4 7. Be2 cxd4 8. exd4
Qb6 9. Rb1 e6 10. Be3 Bd6 11. O-O O-O 12. h3 Bh5 13. a3 Rac8 14. Nh4 Bxe2 15.
Nxe2 Qc7 16. Nf3 Ne4 17. Rc1 Na5 18. c3 Nc4 19. Rb1 b5 20. Nc1 a5 21. Nd3 b4 22.
axb4 axb4 23. cxb4 Rb8 24. Nfe5 Bxb4 25. Rc1 Bd6 26. Nxc4 dxc4 27. Nc5 Nxc5 28.
dxc5 Bh2+ 29. Kh1 Be5 30. Rxc4 Rxb2 31. c6 Rc8 32. Qd3 h6 33. Rd1 Rb5 34. Qe4
Bf6 35. g3 Qa5 36. Kg2 Rd5 37. Rdc1 Qd8 38. Rb4 Qd6 39. Rbc4 Re5 40. Qf3 Qd5 41.
Bf4 Rf5 42. Qxd5 Rxd5 43. c7 e5 44. Rb1 Kh7 45. Be3 Rd7 46. Rb7 Be7 47. Bb6 Bd6
48. Rc6 f6 49. g4 Kg6 50. Kf3 Kf7 51. Rb8 Rxb8 52. Rxd6 1-0

[Event "Titled Tue 20th May Early"]
[Site "chess.com INT"]
[Date "2025.05.20"]
[Round "8"]
[White "Shubenkova, Veronika"]
[Black "Atakhan, Abtin"]
[Result "1-0"]
[WhiteTitle "WFM"]
[BlackTitle "IM"]
[WhiteElo "2024"]
[BlackElo "2410"]
[WhiteFideId "44124040"]
[BlackFideId "22502203"]
[EventDate "2025.05.20"]

1. d4 Nf6 2. e3 g6 3. Nf3 Bg7 4. Bd3 O-O 5. O-O d6 6. c4 Nbd7 7. d5 c6 8. e4 Nc5
9. Nc3 cxd5 10. cxd5 Nxd3 11. Qxd3 a6 12. h3 b5 13. a3 a5 14. Be3 Ba6 15. b4 Nd7
16. Bd4 axb4 17. Bxg7 Kxg7 18. axb4 Qb6 19. Qd4+ Kg8 20. Ra3 Bb7 21. Rfa1 e5 22.
Qxb6 Nxb6 23. Nxb5 Nc4 24. Rxa8 Rxa8 25. Rc1 Rc8 26. Na7 Ra8 27. Rxc4 Rxa7 28.
Kh2 Ra4 29. Ng5 Ba6 30. Rc6 h6 31. Nf3 Bd3 32. Rxd6 Bxe4 33. b5 Rb4 34. b6 Bxf3
35. gxf3 Kf8 36. Rc6 Ke7 37. Kg2 Rb5 38. Rc7+ Kf6 39. b7 Kg7 40. d6 Kf6 41. Kf1
Ke6 42. d7 Ke7 43. d8=Q+ Kxd8 44. Rxf7 h5 45. Rh7 1-0

[Event "Titled Tue 20th May Early"]
[Site "chess.com INT"]
[Date "2025.05.20"]
[Round "8"]
[White "Zhauynbay, Alimzhan"]
[Black "Ugorek, Kacper"]
[Result "1-0"]
[WhiteTitle "CM"]
[BlackTitle "CM"]
[WhiteElo "2077"]
[BlackElo "2262"]
[WhiteFideId "13782657"]
[BlackFideId "21890676"]
[EventDate "2025.05.20"]

1. b3 Nf6 2. Bb2 g6 3. Nf3 Bg7 4. e3 O-O 5. Be2 d6 6. O-O e5 7. c4 Nbd7 8. d3 a5
9. Nbd2 b6 10. Qc2 Bb7 11. Rfe1 Qe7 12. Rad1 Rfe8 13. h3 Rad8 14. d4 exd4 15.
exd4 Qxe2 16. Rxe2 Rxe2 17. Qd3 Rde8 18. Ne5 Rxd2 19. Qxd2 dxe5 20. dxe5 Nxe5
21. Re1 Ne4 22. Qc2 Nd6 23. Bxe5 Rxe5 24. Rxe5 Bxe5 25. c5 Nf5 26. cxb6 cxb6 27.
Qe2 Bd4 28. Qe8+ Kg7 29. Qd7 Be4 30. g4 Bc5 31. gxf5 Bxf5 32. Qd2 h5 33. Kg2 Be6
34. f3 Kg8 35. a3 Bxb3 36. Qb2 Be6 37. a4 Bd7 38. Qc2 Be6 39. h4 Be7 40. Qc7 Bc5
41. Qb8+ Kg7 42. Qe5+ Kf8 43. Qf6 Ke8 44. Kg3 Bd7 45. Kf4 Bxa4 46. Qe5+ Kd7 47.
Qd5+ Bd6+ 48. Kg5 Ke7 49. Qe4+ Kf8 50. Qxa4 Be7+ 51. Kf4 Kg7 52. Kg3 Bf6 53. f4
Kg8 54. f5 Be7 55. Qe8+ Bf8 56. fxg6 fxg6 57. Qxg6+ Bg7 58. Qxb6 a4 59. Qa6 Be5+
60. Kh3 1-0

[Event "Titled Tue 20th May Early"]
[Site "chess.com INT"]
[Date "2025.05.20"]
[Round "8"]
[White "Hari, Madhavan N B"]
[Black "Onyshchuk, Volodymyr"]
[Result "1/2-1/2"]
[WhiteTitle "IM"]
[BlackTitle "GM"]
[WhiteElo "2386"]
[BlackElo "2602"]
[WhiteFideId "25054309"]
[BlackFideId "14114038"]
[EventDate "2025.05.20"]

1. d4 d6 2. Nf3 g6 3. g3 Bg7 4. Bg2 Nf6 5. O-O O-O 6. c4 Nc6 7. Nc3 e5 8. dxe5
dxe5 9. Bg5 h6 10. Qxd8 Rxd8 11. Bxf6 Bxf6 12. Nd5 Bg7 13. Nxc7 Rb8 14. Nd5 e4
15. Nd2 e3 16. fxe3 Bxb2 17. Rab1 Bg7 18. Ne4 Bf5 19. Rb5 Bxe4 20. Bxe4 Ne5 21.
c5 a6 22. Rb3 Bf8 23. Rc1 Rdc8 24. Rbc3 Kg7 25. Nb6 Rc7 26. Nd5 Rcc8 27. h3 h5
28. Bg2 Re8 29. Nc7 Red8 30. Nd5 Rbc8 31. Nb6 Rc7 32. Nd5 Rcd7 33. e4 Re8 34.
Kf1 Re6 35. Rb1 Rc6 36. Rbc1 Rd8 37. Nb4 Rcc8 38. Nd3 Re8 39. Nxe5 Rxe5 40. c6
b6 41. Bf3 Bc5 42. a4 a5 43. Rd1 Rxc6 44. Rd5 Re7 45. g4 hxg4 46. hxg4 Rc8 47.
g5 Rh8 48. Rcd3 Rh2 49. Bg2 Rh4 50. Rd7 Rxd7 51. Rxd7 Rg4 52. e5 Rxg5 53. e6
Rf5+ 54. Bf3 Kf8 55. Rxf7+ Rxf7 56. exf7 Kxf7 57. Bc6 Ke6 58. Bb5 Ke5 59. Kg2 g5
60. Bd3 Kf6 61. Bb5 Ke5 1/2-1/2

[Event "Titled Tue 20th May Early"]
[Site "chess.com INT"]
[Date "2025.05.20"]
[Round "8"]
[White "Shevkunov, Vladyslav"]
[Black "Trifan, Andrei Ioan"]
[Result "1-0"]
[BlackTitle "FM"]
[WhiteElo "2073"]
[BlackElo "2321"]
[WhiteFideId "30953448"]
[BlackFideId "12967068"]
[EventDate "2025.05.20"]

1. e4 c6 2. d4 d5 3. exd5 cxd5 4. Bd3 Nf6 5. h3 g6 6. Nf3 Bg7 7. O-O O-O 8. Re1
Nc6 9. c3 Bf5 10. Bf1 Re8 11. Bf4 Ne4 12. Nbd2 Qb6 13. Qb3 Nxd2 14. Nxd2 Qxb3
15. axb3 e5 16. dxe5 Nxe5 17. Bb5 Re6 18. b4 a6 19. Nb3 Bd3 20. Nd4 Bxb5 21.
Nxe6 Nd3 22. Nc7 Rd8 23. Nxb5 axb5 24. Bc7 Rc8 25. Re7 Nxb2 26. Be5 Kf8 27. Bd6
Nc4 28. Rc7+ Nxd6 29. Rxc8+ Nxc8 30. Ra8 Ke7 31. Rxc8 Kd6 32. Rc5 b6 33. Rc8 Kd7
34. Rb8 Kc7 35. Ra8 Bxc3 36. Ra7+ Kc6 37. Rxf7 Bxb4 38. Rxh7 Bc3 39. Kf1 b4 40.
Ke2 b3 41. Kd3 Bd4 42. Rh6 Kb5 43. Rxg6 Bxf2 44. Rg5 Kc5 45. Kc3 b5 46. Kxb3 Kd4
47. Kc2 Ke4 48. h4 d4 49. h5 d3+ 50. Kd1 b4 51. Rb5 1-0

[Event "Titled Tue 20th May Early"]
[Site "chess.com INT"]
[Date "2025.05.20"]
[Round "8"]
[White "Goncharov, Vladimir"]
[Black "Manukian, Artak"]
[Result "1-0"]
[WhiteElo "2077"]
[BlackElo "2104"]
[WhiteFideId "34162256"]
[BlackFideId "13301373"]
[EventDate "2025.05.20"]

1. d4 d5 2. c4 dxc4 3. Nf3 Nf6 4. e3 e6 5. Bxc4 a6 6. O-O c5 7. Qe2 Nc6 8. Rd1
cxd4 9. exd4 Be7 10. Nc3 O-O 11. d5 exd5 12. Nxd5 Nxd5 13. Bxd5 Qc7 14. Bxc6
bxc6 15. Bf4 Qxf4 16. Qxe7 Bg4 17. Rd4 Qf5 18. Nh4 Qe6 19. Qg5 Be2 20. Nf5 g6
21. Ng3 Bc4 22. Re4 Qd5 23. Re5 Qd3 24. Re3 Qd5 25. Qf4 Rad8 26. Rae1 Bxa2 27.
h4 Qd6 28. Qh6 Bd5 29. h5 Qf6 30. hxg6 fxg6 31. f3 Bf7 32. Nh5 Qxb2 33. Nf4 Qf6
34. Ne6 Bxe6 35. Rxe6 Qg7 36. Qh3 c5 37. Re7 Rf7 38. Qe6 Rf8 39. Qc4 Qd4+ 40.
Qxd4 cxd4 41. R7e4 Rd7 42. Rd1 Rfd8 43. Rd3 Kf7 44. Kf2 h5 45. g4 hxg4 46. fxg4
Re7 47. Rf4+ Kg7 48. Kf3 a5 49. g5 Ra7 50. Ke4 a4 51. Rh3 a3 52. Rfh4 Re8+ 53.
Kd5 Ree7 54. Rh7+ Kf8 55. Rh8+ Kf7 56. R3h7# 1-0

[Event "Titled Tue 20th May Early"]
[Site "chess.com INT"]
[Date "2025.05.20"]
[Round "8"]
[White "Kjartansson, Gudmundur"]
[Black "Lissillour, Baptiste"]
[Result "1/2-1/2"]
[WhiteTitle "GM"]
[WhiteElo "2437"]
[BlackElo "2318"]
[WhiteFideId "2301318"]
[BlackFideId "45179620"]
[EventDate "2025.05.20"]

1. e4 e5 2. Nf3 Nc6 3. Bb5 a6 4. Ba4 Nf6 5. O-O Be7 6. Re1 b5 7. Bb3 d6 8. c3
O-O 9. h3 Nb8 10. d4 Nbd7 11. Be3 Bb7 12. Nbd2 Nxe4 13. Nxe4 Bxe4 14. dxe5 dxe5
15. Bd5 Bxd5 16. Qxd5 Bd6 17. Rad1 Nf6 18. Qb7 Qc8 19. Qc6 Qe8 20. Qb7 e4 21.
Bd4 Qc8 22. Qxc8 Raxc8 23. Bxf6 exf3 24. Be7 Rfe8 25. Bxd6 Rxe1+ 26. Rxe1 cxd6
27. gxf3 Kf8 28. Re4 f5 29. Rf4 g6 30. a4 Rb8 31. axb5 Rxb5 32. b4 a5 33. bxa5
Rxa5 34. Rb4 Ra3 35. Rb8+ Kf7 36. Rb7+ Kf6 37. Rc7 h5 38. Kg2 h4 39. f4 Ke6 40.
Kf3 Kf6 41. Ke3 Ke6 42. Kd3 Ra4 43. Ke3 Ra2 44. Rh7 Ra3 45. Kd3 Ra2 46. Rxh4
Rxf2 47. Ke3 Rc2 48. Kd3 Rf2 49. Kd4 Kf6 50. Ke3 Rf1 51. Rh8 Rc1 52. Rf8+ Ke7
53. Rc8 Rh1 54. Rh8 Rc1 55. Kd2 Rf1 56. Rh4 Rf3 57. c4 Kd7 58. Ke2 Rc3 59. Rh6
Rxc4 60. Kf3 Rc3+ 61. Kg2 d5 62. Rxg6 d4 63. Kf2 Rc2+ 64. Kf3 Rc3+ 65. Kg2 d3
66. Kf2 d2 67. Ke2 Rd3 68. Kd1 Ke7 69. h4 Kf7 70. h5 Rd4 71. Ra6 Rxf4 72. Kxd2
Rh4 73. h6 f4 74. Ke2 Kg8 75. Kf3 Kh7 76. Rf6 Rxh6 77. Rxh6+ Kxh6 78. Kxf4 1/2-1/2

[Event "Titled Tue 20th May Early"]
[Site "chess.com INT"]
[Date "2025.05.20"]
[Round "8"]
[White "Rozum, Ivan"]
[Black "Manafov, Vugar"]
[Result "0-1"]
[WhiteTitle "GM"]
[BlackTitle "IM"]
[WhiteElo "2439"]
[BlackElo "2432"]
[WhiteFideId "24104272"]
[BlackFideId "13410814"]
[EventDate "2025.05.20"]

1. d4 Nf6 2. Nf3 e6 3. c4 Bb4+ 4. Bd2 a5 5. g3 d5 6. Bg2 O-O 7. O-O dxc4 8. Qc2
Bxd2 9. Nbxd2 b5 10. a4 c6 11. b3 cxb3 12. Nxb3 Nd5 13. Rfd1 Qd6 14. e4 Nb4 15.
Qe2 Ba6 16. Nc5 bxa4 17. Nxa6 Rxa6 18. Rxa4 c5 19. e5 Qe7 20. Rda1 N8c6 21. dxc5
Qxc5 22. Ng5 h6 23. Nf3 Rd8 24. h4 Rb6 25. Qe4 Nd5 26. Rc4 Qe7 27. Rac1 Ncb4 28.
h5 a4 29. Ra1 Ra8 30. Ra3 Rba6 31. Bf1 Ra5 32. Nd4 Qg5 33. Nf3 Qe7 34. Nd4 Qd7
35. Be2 Rb8 36. Nf3 Qa7 37. Kg2 Rc5 38. g4 Rxc4 39. Bxc4 Rc8 40. Bxd5 Nxd5 41.
Rxa4 Qb7 42. g5 hxg5 43. Nxg5 Nf4+ 44. Kh2 Qxe4 45. Nxe4 Nxh5 46. Nd6 Rc2 47.
Kg2 Nf4+ 48. Kf3 Ng6 49. Ra8+ Kh7 50. Nxf7 Rc7 51. Ng5+ Kh6 52. Nxe6 Re7 53. Ra6
Nxe5+ 54. Kg3 g6 55. f4 Nd3 56. Nf8 Re3+ 57. Kh4 Nxf4 58. Rf6 Re4 59. Kg3 Nh5+
60. Kf3 Nxf6 0-1

[Event "Titled Tue 20th May Early"]
[Site "chess.com INT"]
[Date "2025.05.20"]
[Round "8"]
[White "Yanev, Tihomir"]
[Black "Tsolakidou, Stavroula"]
[Result "0-1"]
[WhiteTitle "IM"]
[BlackTitle "IM"]
[WhiteElo "2354"]
[BlackElo "2428"]
[WhiteFideId "2910110"]
[BlackFideId "4264312"]
[EventDate "2025.05.20"]

1. e4 e6 2. d4 d5 3. Nc3 Nf6 4. Bg5 dxe4 5. Nxe4 Nbd7 6. Nf3 h6 7. Bxf6 Nxf6 8.
Bd3 Nxe4 9. Bxe4 c5 10. O-O cxd4 11. Nxd4 Bc5 12. Nb3 Qxd1 13. Rfxd1 Bb6 14. c4
Ke7 15. c5 Bc7 16. g3 Rb8 17. Rd2 Bd7 18. Rad1 Rhd8 19. a3 Ba4 20. Rxd8 Bxd8 21.
Rd3 f5 22. Bg2 Bc7 23. f4 g5 24. fxg5 hxg5 25. Nd2 Be5 26. Nc4 Bf6 27. Rd2 b6
28. c6 Rd8 29. Rxd8 Kxd8 30. b4 Kc7 31. Kf2 Bd4+ 32. Ke2 Bb5 33. Kd3 Bg1 34. h4
gxh4 35. gxh4 e5 36. Bd5 e4+ 37. Kd2 Bd4 38. h5 Bxc6 39. Bxc6 Kxc6 40. h6 Kd5
41. Ne3+ Ke6 42. h7 f4 43. Nc2 Bg7 44. b5 Kf5 45. Nb4 Kg4 46. Ke2 Kg3 47. Kf1 f3
48. Nc2 Kf4 49. Kf2 Bh8 50. Kf1 e3 51. a4 Ke4 52. Nb4 e2+ 53. Kf2 Bd4+ 54. Ke1
Bc3+ 55. Kf2 e1=Q# 0-1

[Event "Titled Tue 20th May Early"]
[Site "chess.com INT"]
[Date "2025.05.20"]
[Round "8"]
[White "Darmanin, Jake"]
[Black "Potawad, Anirudhha"]
[Result "0-1"]
[WhiteTitle "CM"]
[BlackTitle "FM"]
[WhiteElo "2065"]
[BlackElo "2288"]
[WhiteFideId "5601061"]
[BlackFideId "45081506"]
[EventDate "2025.05.20"]

1. e4 e6 2. d4 d5 3. Nc3 Bb4 4. Ne2 Nf6 5. Bg5 h6 6. Bxf6 Qxf6 7. e5 Qe7 8. a3
Bxc3+ 9. Nxc3 a6 10. Qg4 Kf8 11. f4 c5 12. Bd3 Nc6 13. dxc5 Qxc5 14. O-O-O b5
15. f5 Nxe5 16. Qh4 Qe7 17. Qxe7+ Kxe7 18. Rhe1 Kd6 19. fxe6 fxe6 20. Bf1 Nc6
21. Ne4+ Ke7 22. Nc5 Kd6 23. Ne4+ Kc7 24. Nc5 Nd8 25. Nd3 Rf8 26. Ne5 Nc6 27.
Nf3 Bd7 28. Rd3 Rf4 29. Rde3 Raf8 30. Bd3 g5 31. h3 R8f6 32. Nh2 h5 33. Be2 d4
34. Rd3 Be8 35. Nf3 g4 36. hxg4 hxg4 37. Nd2 Bg6 38. Rg3 Bf5 39. Bd1 e5 40. Nb3
Kb6 41. Nd2 e4 42. Bxg4 Rxg4 43. Rxg4 Bxg4 44. Nxe4 Re6 45. Kd2 Bf5 46. Nf2 Rxe1
47. Kxe1 Bxc2 48. Kd2 Bg6 49. Ng4 Ne5 50. Nxe5 Bf5 51. g4 Be6 52. g5 Kc5 53. g6
Kd5 54. Nf7 Kc4 55. Nh6 Kb3 56. Kc1 d3 57. g7 d2+ 58. Kxd2 Kxb2 59. g8=Q Bxg8
60. Nxg8 Kxa3 61. Kc1 b4 62. Kb1 a5 63. Nf6 Kb3 64. Ne4 Kc4 65. Nd2+ Kc3 66.
Ne4+ Kd4 67. Nd2 a4 68. Nf3+ Kc3 69. Ne5 b3 70. Nc6 a3 71. Na5 a2+ 72. Ka1 b2+
73. Kxa2 Kc2 74. Nc4 b1=Q+ 75. Ka3 Qb3# 0-1

[Event "Titled Tue 20th May Early"]
[Site "chess.com INT"]
[Date "2025.05.20"]
[Round "8"]
[White "Toktomushev, Teimur"]
[Black "Maiorov, Nikita1"]
[Result "1-0"]
[WhiteTitle "FM"]
[BlackTitle "GM"]
[WhiteElo "2398"]
[BlackElo "2472"]
[WhiteFideId "14176726"]
[BlackFideId "13501720"]
[EventDate "2025.05.20"]

1. d4 Nf6 2. c4 c5 3. d5 e6 4. Nc3 exd5 5. cxd5 d6 6. Nf3 g6 7. Nd2 Bg7 8. e4
O-O 9. Be2 a6 10. a4 Re8 11. O-O Nbd7 12. h3 Rb8 13. Re1 Qc7 14. Bf1 Nh5 15. Nc4
Ne5 16. Na3 Qe7 17. Be2 Qh4 18. Bxh5 gxh5 19. Re3 Ng6 20. Rg3 Be5 21. Bg5 Bxg3
22. Bxh4 Bxh4 23. Nc4 Be7 24. Qxh5 b5 25. Na5 Bd7 26. Nc6 Bxc6 27. dxc6 Rbc8 28.
axb5 axb5 29. Ra6 b4 30. Nd5 Bd8 31. Qg4 Re6 32. g3 Kh8 33. h4 Ne5 34. Qf5 c4
35. Nf4 c3 36. bxc3 bxc3 37. Nxe6 c2 38. Ra1 Rxc6 39. Nxd8 c1=Q+ 40. Rxc1 Rxc1+
41. Kg2 Rc8 42. Nxf7+ Nxf7 43. Qxc8+ Kg7 44. Qf5 Ne5 45. Qg5+ Kf8 46. h5 Nf7 47.
Qf6 Ke8 48. Qg7 Ke7 49. Qxh7 Ke6 50. Qg6+ Ke7 51. h6 Ne5 52. Qg7+ Nf7 53. h7 Ke6
54. Qxf7+ Kxf7 55. h8=Q Ke6 56. Qd4 Kd7 57. g4 Kc6 58. g5 Kd7 59. g6 Ke6 60. f4
d5 61. Qxd5+ Kf6 62. Qf7# 1-0

[Event "Titled Tue 20th May Early"]
[Site "chess.com INT"]
[Date "2025.05.20"]
[Round "8"]
[White "Tan, Jun Ying"]
[Black "Drygalov, Sergey"]
[Result "0-1"]
[WhiteTitle "FM"]
[BlackTitle "GM"]
[WhiteElo "2414"]
[BlackElo "2560"]
[WhiteFideId "5710413"]
[BlackFideId "24171743"]
[EventDate "2025.05.20"]

1. d4 Nf6 2. c4 e6 3. Nc3 Bb4 4. e3 O-O 5. Bd2 d5 6. Nf3 b6 7. cxd5 exd5 8. Rc1
c5 9. a3 Bxc3 10. Bxc3 c4 11. Be2 Ne4 12. Bb4 Re8 13. O-O Nc6 14. Be1 b5 15. Nd2
Bf5 16. Nxe4 Bxe4 17. Bf3 a5 18. Bxe4 Rxe4 19. b3 Qd6 20. bxc4 bxc4 21. Qf3 Qxa3
22. Rxc4 dxc4 23. Qxe4 Rc8 24. d5 Ne7 25. d6 Qxd6 26. Bxa5 c3 27. Bb4 Qd5 28.
Qxe7 c2 29. Ba3 h6 30. h3 Qd3 31. Bb2 Rd8 32. Qe5 f6 33. Qc3 Qe2 34. Qe1 Qb5 35.
Qc1 Qe2 36. Qe1 Qb5 37. Qa1 Rb8 38. Bc1 Qd3 39. Qa2+ Kh7 40. Qa3 Rb3 41. Qc5 Rb1
42. Qd4 Qb3 43. e4 Qb5 44. Qc3 Qe2 45. Qf3 Qxf1+ 46. Kxf1 Rxc1+ 47. Ke2 Rd1 48.
Qf5+ g6 49. Qd7+ Rxd7 50. Kf3 c1=Q 0-1

[Event "Titled Tue 20th May Early"]
[Site "chess.com INT"]
[Date "2025.05.20"]
[Round "8"]
[White "Altynbek, Aiaru"]
[Black "Tologon tegin, Semetei"]
[Result "0-1"]
[WhiteTitle "WFM"]
[BlackTitle "IM"]
[WhiteElo "1977"]
[BlackElo "2313"]
[WhiteFideId "13752472"]
[BlackFideId "13800574"]
[EventDate "2025.05.20"]

1. d4 g6 2. c4 Bg7 3. Nf3 e6 4. g3 Ne7 5. Bg2 d5 6. O-O O-O 7. cxd5 exd5 8. Nc3
Nbc6 9. Bf4 a6 10. Rc1 Bf5 11. Ne5 Nxe5 12. Bxe5 c6 13. Bxg7 Kxg7 14. Na4 Nc8
15. Nc5 Nd6 16. f3 Re8 17. Re1 b6 18. Nd3 Nc4 19. Ne5 Nxe5 20. dxe5 c5 21. f4
Be4 22. Bxe4 dxe4 23. Qxd8 Raxd8 24. Red1 f6 25. Rd6 Rxd6 26. exd6 Rd8 27. Rd1
Kf7 28. Kf2 Ke6 29. Ke3 f5 30. g4 Rxd6 31. Rg1 c4 32. gxf5+ gxf5 33. Rg7 Rd7 34.
Rg8 Rc7 35. Re8+ Kf7 36. Rb8 Rc6 37. Rb7+ Kg6 38. Kd4 b5 39. Kd5 Rf6 40. a3 h6
41. Rb8 Kh5 42. Ke5 Rg6 43. Kxf5 Rg2 44. Kxe4 Rxe2+ 45. Kd5 Rxb2 46. Rg8 Rxh2
47. f5 c3 48. f6 c2 49. Rc8 Kg6 50. Ke6 Re2+ 51. Kd7 Kxf6 52. Rc6+ Kf5 53. Kc7
h5 54. Kb6 h4 55. Kxa6 h3 56. Kxb5 h2 57. Rh6 c1=Q 58. Rh5+ Kg4 0-1

[Event "Titled Tue 20th May Early"]
[Site "chess.com INT"]
[Date "2025.05.20"]
[Round "8"]
[White "Andreikin, Dmitry"]
[Black "Henriquez Villagra, Cristobal"]
[Result "1-0"]
[WhiteTitle "GM"]
[BlackTitle "GM"]
[WhiteElo "2695"]
[BlackElo "2597"]
[WhiteFideId "4158814"]
[BlackFideId "3409350"]
[EventDate "2025.05.20"]

1. e4 c6 2. Nf3 d5 3. Nc3 Bg4 4. Be2 Bxf3 5. Bxf3 d4 6. Ne2 e5 7. d3 c5 8. Bg4
Nc6 9. O-O Bd6 10. Bh3 Nge7 11. Ng3 g6 12. Bg5 h6 13. Bf6 Rh7 14. c3 Bc7 15. Nf5
h5 16. Nxe7 Nxe7 17. Qa4+ Kf8 18. cxd4 cxd4 19. Rac1 Qd6 20. f4 Qxf6 21. Rxc7
exf4 22. Qb4 Re8 23. Bd7 Rd8 24. Rxb7 g5 25. Rxa7 Kg7 26. e5 Qxe5 27. Re1 Nd5
28. Rxe5 Nxb4 29. Rxg5+ Kf6 30. Rf5+ Kg7 31. Be6 Kg6 32. Rfxf7 Rxf7 33. Bxf7+
Kg5 34. Ra5+ Kf6 35. Bc4 Re8 36. a3 Nc2 37. Kf2 Ne3 38. Rxh5 Nd1+ 39. Kf3 Nxb2
40. Kxf4 Re2 41. Rh6+ Kg7 42. Rh5 Rf2+ 43. Kg3 Rc2 44. Rd5 Rc3 45. Rxd4 Rxa3 46.
Kf4 Nd1 47. g4 Nc3 48. Rd7+ Kg6 49. Rd6+ Kg7 50. g5 Ra5 51. Kg4 Ne2 52. h4 Re5
53. Rd7+ Kf8 54. g6 Re7 55. Rxe7 Kxe7 1-0

[Event "Titled Tue 20th May Early"]
[Site "chess.com INT"]
[Date "2025.05.20"]
[Round "8"]
[White "Ezat, Mohamed"]
[Black "Nimmy, A.G."]
[Result "0-1"]
[WhiteTitle "IM"]
[BlackTitle "WIM"]
[WhiteElo "2296"]
[BlackElo "1990"]
[WhiteFideId "10600906"]
[BlackFideId "5015308"]
[EventDate "2025.05.20"]

1. d4 d5 2. c4 e6 3. Nc3 Nf6 4. cxd5 exd5 5. Bg5 Nbd7 6. e3 c6 7. Qc2 Qa5 8. Bd3
Bb4 9. Ne2 O-O 10. O-O Re8 11. a3 Bd6 12. b4 Qc7 13. Kh1 h6 14. Bh4 Bxh2 15. f4
Ng4 16. Rf3 Rxe3 17. Qd2 Re8 18. Rh3 Nf8 19. Rxh2 Nxh2 20. Kxh2 Bg4 21. Bg3 f5
22. Ng1 Qf7 23. Nh3 Ne6 24. Be2 Qh5 25. Re1 Nf8 26. Kg1 Ng6 27. Nf2 Bxe2 28.
Rxe2 Rxe2 29. Nxe2 Re8 30. Kf1 Nf8 31. b5 Nd7 32. bxc6 bxc6 33. Nc1 Nf6 34. Ncd3
Ne4 35. Nxe4 fxe4 36. Ne5 Qh1+ 37. Kf2 Qb1 38. Qc3 Rb8 39. Bh4 Rb2+ 40. Kg3 Rb3
41. Qxb3 Qxb3+ 42. Kh2 Qxa3 43. Nxc6 Qa4 44. Ne7+ Kh7 45. Bf2 Qd7 46. Bh4 a5 47.
f5 a4 48. Ng6 Qxf5 49. Ne5 a3 50. Be1 a2 51. Bc3 Qf4+ 52. Kh3 Qe3+ 53. g3 Qxc3
54. Ng4 a1=Q 55. Kh4 Qh1+ 56. Nh2 Qxh2+ 57. Kg4 Qf3# 0-1

[Event "Titled Tue 20th May Early"]
[Site "chess.com INT"]
[Date "2025.05.20"]
[Round "8"]
[White "Kozlov, Oleg"]
[Black "Gunawardhana, Devindya Oshini"]
[Result "1/2-1/2"]
[WhiteTitle "IM"]
[BlackTitle "WIM"]
[WhiteElo "2253"]
[BlackElo "2068"]
[WhiteFideId "4104544"]
[BlackFideId "29941482"]
[EventDate "2025.05.20"]

1. d4 d5 2. c4 e6 3. Nf3 Nf6 4. g3 Nc6 5. Bg2 Bb4+ 6. Bd2 a5 7. Qc2 O-O 8. O-O
dxc4 9. Qxc4 Bd6 10. Nc3 Bd7 11. e4 e5 12. d5 Ne7 13. h3 b5 14. Nxb5 Bxb5 15.
Qxb5 Nxe4 16. Be3 Rb8 17. Qxa5 Rxb2 18. Nxe5 Nxg3 19. fxg3 Bxe5 20. Bf4 Rxg2+
21. Kxg2 Bxa1 22. Rxa1 Nxd5 23. Bd2 Qf6 24. Rf1 Qd4 25. Rf2 Qe4+ 26. Kh2 Qd4 27.
Kg2 c5 28. Qa3 c4 29. Qf3 c3 30. Bc1 Nb4 31. Ba3 Nd3 32. Re2 c2 33. Qc6 c1=Q 34.
Bxc1 h6 35. Ba3 Rd8 36. Re8+ Rxe8 37. Qxe8+ Kh7 38. Qxf7 Qe4+ 39. Kf1 Qh1+ 40.
Ke2 Qe4+ 41. Kd2 Ne5 42. Qf4 Qxf4+ 43. gxf4 Nc4+ 44. Kc3 Nxa3 45. Kb4 Nc2+ 46.
Kc3 Ne3 47. a4 Nd5+ 48. Kd4 Nxf4 49. a5 Ne6+ 50. Ke5 Nc7 51. Kd6 Na6 52. Kc6 g5
53. Kb6 Nb4 54. Kc5 Na6+ 55. Kb6 Nb4 56. Kc5 Na6+ 57. Kb5 Nb8 58. Kb6 h5 59. Kb7
Nd7 60. Kc6 Nb8+ 61. Kb7 Nd7 62. Kc6 Nb8+ 63. Kb7 1/2-1/2

[Event "Titled Tue 20th May Early"]
[Site "chess.com INT"]
[Date "2025.05.20"]
[Round "8"]
[White "Goltsev, Dmitry"]
[Black "Nitish, Belurkar"]
[Result "0-1"]
[WhiteTitle "FM"]
[BlackTitle "IM"]
[WhiteElo "2183"]
[BlackElo "2454"]
[WhiteFideId "24176710"]
[BlackFideId "5084768"]
[EventDate "2025.05.20"]

1. d4 Nf6 2. Nc3 d5 3. Bf4 e6 4. Nb5 Na6 5. e3 Be7 6. Nf3 O-O 7. a3 c6 8. Nc3 c5
9. Bxa6 bxa6 10. O-O Bd7 11. Ne5 Bb5 12. Re1 Rc8 13. a4 Be8 14. Qe2 Qb6 15. a5
Qxb2 16. Qxa6 Ra8 17. Nc6 Bxc6 18. Qxc6 Qxc3 19. Qb7 Rfe8 20. Be5 Ne4 21. f3 Nd6
22. Qc6 Nc4 23. Bf4 cxd4 24. e4 Rac8 25. Qd7 dxe4 26. fxe4 Bc5 27. Kh1 e5 28.
Bg5 Ne3 29. Rab1 Qxc2 30. Bxe3 dxe3 31. Rb7 Rf8 32. Qg4 Qf2 33. Qd1 Bd4 34. Rb1
Rc2 35. Qg4 e2 36. a6 h6 37. h4 Rfc8 38. h5 Rc1 39. Kh2 Qf4+ 40. Qxf4 exf4 41.
Rbxc1 Rxc1 42. Rxc1 Bc3 43. Rxc3 e1=Q 44. Rf3 Qxe4 45. Rf1 Qe5 46. Rf3 Qxh5+ 47.
Kg1 Qxf3 48. gxf3 g5 49. Kf2 Kg7 50. Ke2 Kf6 51. Kd3 h5 52. Kc4 h4 53. Kc5 h3
54. Kc6 h2 55. Kb7 h1=Q 56. Kxa7 Qxf3 57. Kb6 Qb3+ 58. Kc7 Qa3 59. Kb7 Qxa6+ 60.
Kxa6 f3 61. Kb5 f2 62. Kc5 f1=Q 63. Kd4 Qe2 64. Kd5 g4 65. Kd6 g3 66. Kc6 g2 67.
Kc5 g1=Q+ 68. Kb4 Qb1+ 69. Kc3 Qbb2# 0-1

[Event "Titled Tue 20th May Early"]
[Site "chess.com INT"]
[Date "2025.05.20"]
[Round "8"]
[White "Ter-Sahakyan, Samvel"]
[Black "Priasmoro, Novendra"]
[Result "1-0"]
[WhiteTitle "GM"]
[BlackTitle "GM"]
[WhiteElo "2611"]
[BlackElo "2437"]
[WhiteFideId "13302531"]
[BlackFideId "7105029"]
[EventDate "2025.05.20"]

1. d4 Nf6 2. c4 g6 3. Nc3 Bg7 4. e4 d6 5. Be2 O-O 6. Be3 e5 7. d5 Na6 8. h4 Nc5
9. Qc2 h5 10. f3 a5 11. Nh3 c6 12. Ng5 cxd5 13. cxd5 a4 14. O-O Qa5 15. Rac1 Bd7
16. Qd2 Rfc8 17. Nb1 Ne8 18. Qxa5 Rxa5 19. Na3 b5 20. Rc2 Bh6 21. Kf2 f6 22. Ne6
Bxe3+ 23. Kxe3 Nxe6 24. dxe6 Bxe6 25. Rxc8 Bxc8 26. Bxb5 Nc7 27. Rc1 Nxb5 28.
Rxc8+ Kf7 29. Nc4 Ra7 30. Rb8 Rc7 31. Kd3 Nd4 32. Nxd6+ Ke6 33. Rb6 Ke7 34. Nc4
Rd7 35. Ne3 Ne6+ 36. Nd5+ Kf7 37. Ke3 f5 38. Rb4 f4+ 39. Kd2 Ra7 40. Nc3 a3 41.
b3 Nd4 42. Nb5 Nc6 43. Nxa7 Nxb4 44. Nb5 Nxa2 45. Nxa3 Kf6 46. Nc2 g5 47. hxg5+
Kxg5 48. b4 Kf6 49. b5 Ke6 50. Kd3 Kd6 51. Kc4 Nc1 52. Nb4 Ne2 53. b6 Nd4 54.
Nd3 Nc6 55. Kb5 h4 56. Ka6 Kd7 57. Kb7 Na5+ 58. Ka8 Kc6 59. Ka7 Kd6 60. b7 Nc6+
61. Ka8 Kc7 62. Nb4 Nb8 63. Nd5+ 1-0